|
|
|
|
| LEADER |
00000nam0a2200000 4500 |
| 001 |
353935 |
| 005 |
20231102010636.0 |
| 035 |
|
|
|a (RuTPU)RU\TPU\retro\11193
|
| 090 |
|
|
|a 353935
|
| 100 |
|
|
|a 20200608d1963 k y0rusy50 ca
|
| 101 |
0 |
|
|a rus
|
| 102 |
|
|
|a RU
|
| 105 |
|
|
|a a z 000zy
|
| 200 |
1 |
|
|a Третичные отложения района г. Томска
|e [оттиск статьи]
|f Б. В. Плотников
|
| 210 |
|
|
|a Томск
|c Изд-во Томского ун-та
|d 1963
|
| 215 |
|
|
|a С. 96-106
|c ил., табл.
|
| 225 |
1 |
|
|a Известия Томского Политехнического Института
|v Т. 121
|
| 316 |
|
|
|5 63413507: ШкА2/465
|a На с. [95] дарственная надпись: "Многоуважаемому Михаилу Г."
|
| 320 |
|
|
|a Библиогр.: с. 106
|
| 600 |
|
1 |
|a Янишевский
|b М. Э.
|c российский палеонтолог
|c профессор Томского технологического института
|f 1871-1949
|g Михаил Эрастович
|y Томск
|x TPU
|2 stltpush
|3 (RuTPU)RU\TPU\pers\13868
|
| 600 |
|
1 |
|a Радугин
|b К. В.
|c российский геолог
|c профессор Томского политехнического института
|f 1899-1984
|g Константин Владимирович
|y Томск
|2 stltpush
|3 (RuTPU)RU\TPU\pers\13858
|9 4370
|
| 600 |
|
1 |
|a Хахлов
|b В. А.
|c российский геолог
|c профессор Томского государственного университета
|f 1894-1972
|g Венедикт Андреевич
|y Томск
|2 stltpush
|3 (RuTPU)RU\TPU\pers\13890
|9 4394
|
| 600 |
|
1 |
|a Ильин
|g Ростислав Сергеевич
|c российский геолог
|c почвовед
|c преподаватель Томского государственного университета
|y Томск
|f 1891-1937
|b Р. С.
|2 stltpush
|3 (RuTPU)RU\TPU\pers\193
|
| 600 |
|
1 |
|a Усов
|g Михаил Антонович
|b М. А.
|c российский геолог
|c профессор Томского технологического института, академик АН СССР
|f 1883-1939
|y Томск
|2 stltpush
|3 (RuTPU)RU\TPU\pers\1941
|
| 600 |
|
1 |
|a Державин
|b А. Н.
|c геолог, минералог
|f 1857-1919
|g Александр Николаевич
|c хранитель Минералогического кабинета Томского государственного университета
|y Томск
|2 stltpush
|3 (RuTPU)RU\TPU\pers\22179
|
| 600 |
|
1 |
|a Зайцев
|b А. М.
|c российский геолог
|c доктор минералогии и геогнозии
|f 1856-1921
|g Алексей Михайлович
|c профессор Томского государственного университета
|y Томск
|2 stltpush
|3 (RuTPU)RU\TPU\pers\13869
|
| 606 |
1 |
|
|a Третичные отложения
|2 stltpush
|3 (RuTPU)RU\TPU\subj\61574
|9 78762
|
| 610 |
1 |
|
|a коллекция ТПУ
|
| 610 |
1 |
|
|a оттиски
|
| 610 |
1 |
|
|a дарственные надписи
|
| 610 |
1 |
|
|a геологические исследования
|
| 610 |
1 |
|
|a геологические выводы
|
| 610 |
1 |
|
|a геологические гипотезы
|
| 610 |
1 |
|
|a стратиграфическая схема
|
| 610 |
1 |
|
|a минералы
|
| 610 |
1 |
|
|a палеогеновые отложения
|
| 610 |
1 |
|
|a Лагерный сад
|
| 610 |
1 |
|
|a р. Томь
|
| 675 |
|
|
|a 551.78
|v 4
|
| 700 |
|
1 |
|a Плотников
|b Б. В.
|
| 801 |
|
1 |
|a RU
|b 63413507
|c 20200608
|
| 942 |
|
|
|c BK
|